दरी (Record no. 79132)

MARC details
000 -LEADER
fixed length control field 00441nam a2200181Ia 4500
008 - FIXED-LENGTH DATA ELEMENTS--GENERAL INFORMATION
fixed length control field 090123s9999 xx 000 0 und d
082 ## - DEWEY DECIMAL CLASSIFICATION NUMBER
Item number 41059
100 ## - MAIN ENTRY--PERSONAL NAME
Personal name कदम अनंत
245 ## - TITLE STATEMENT
Title दरी
250 ## - EDITION STATEMENT
Edition statement 1
260 ## - PUBLICATION, DISTRIBUTION, ETC. (IMPRINT)
Name of publisher, distributor, etc अनघा प्रकाशन
Date of publication, distribution, etc 2007
300 ## - PHYSICAL DESCRIPTION
Extent 120
600 ## - SUBJECT ADDED ENTRY--PERSONAL NAME
Personal name कदम अनंत
630 ## - SUBJECT ADDED ENTRY--UNIFORM TITLE
Uniform title दरी
700 ## - ADDED ENTRY--PERSONAL NAME
Personal name कदम अनंत
730 ## - ADDED ENTRY--UNIFORM TITLE
Uniform title दरी
942 ## - ADDED ENTRY ELEMENTS (KOHA)
Koha item type Book
Holdings
Withdrawn status Lost status Damaged status Not for loan Home library Current library Date acquired Cost, normal purchase price Total Checkouts Full call number Barcode Date last seen Cost, replacement price Price effective from Koha item type
        Jawahar Wachalanalaya, Kalwa Jawahar Wachalanalaya, Kalwa 05/17/2007 100.00   41059 KLW-41059 01/23/2009 100.00 01/23/2009 Book